La Formación de la hacienda cafetalera en Costa RIca. siglo XIX /

محفوظ في:
التفاصيل البيبلوغرافية
المؤلف الرئيسي: Cardoso, Ciro Flamarion Santana
التنسيق: نص
الموضوعات:
الوسوم: إضافة وسم
لا توجد وسوم, كن أول من يضع وسما على هذه التسجيلة!

MARC

LEADER 00000 a a2200000 04500
001 8018
003
040
100 |a Cardoso, Ciro Flamarion Santana  
245 |a La Formación de la hacienda cafetalera en Costa RIca. siglo XIX /  |c Ciro Flamarion Santana Cardoso 
650 |a CAFE  
773 |g número 6; páginas 22-49  
999 |c 27076  |d 27076